The life of Mahatma Gandhi

Bibliographic Details
Main Author: Fischer,Louis
Format: Book
Published: New York : HarperCollins Publisher , 1997
Subjects:

MARC

LEADER 00000cam a2200000 7i4500
001 0000008806
005 20091209.0
008 070820
020 |a 0006388876 
090 0 0 |a 954.035092   |b FIS 
100 1 |a Fischer,Louis 
245 1 4 |a The life of Mahatma Gandhi   |c Louis Fischer 
260 |a New York :   |b HarperCollins Publisher ,   |c 1997 
650 0 |a Biography   |x Fiction 
999 |a 0000992314   |b Book   |c Adult Collection   |e Perbadanan Perpustakaan Awam Johor 
999 |a 0001040247   |b Book   |c Adult Collection   |e Perbadanan Perpustakaan Awam Johor